| 000 | 00520nam a2200157 i 4500 | ||
|---|---|---|---|
| 001 | 19517 | ||
| 003 | ES-MaACL | ||
| 007 | t| | ||
| 008 | 021002s1955 sp ||||1| spa d | ||
| 100 | 1 |
_aAbad Navarro, Elías, _d1879-1957 _917930 |
|
| 245 | 1 | 3 |
_aLa Inmaculada, Orihuela y su diócesis / _cpor... D. Elías Abad Navarro. |
| 260 |
_aOrihuela : _b[s.n.], _c1955 ( _fEsc. Tip. Obra Social de la C.C. M.M.) |
||
| 300 |
_a378 p., 4 lám. ; _c21 cm. |
||
| 852 |
_aES-MaACL _jC-9616 _bR.37911 |
||
| 999 |
_c19517 _d19517 |
||